=LDR 00000nam 2200000 4500 =001 INLIS000000000006844 =005 20130612094932 =008 ***********************************Ind** =035 ##$$0010-061300000006844 =041 ##$$a Ind =082 ##$$a 519.5 =100 ##$$abSuj r =245 ##$$a Sujuti, Zanzawi =260 ##$$a Rancangan percobaan terapan, Zanzawi Soejoeti, Ph.D =300 ##$$a 1986 $b Jakarta =650 ##$$a 30 hlm., 21 cm =850 ##$$a Biologi =990 ##$$a 87468746 =990 ##$$a DW00022891 =990 ##$$a 00086895 =990 ##$$a 01201708746